000 00830 a2200217 4500
001 76016
020 _a9788574120034
041 _apor
082 _a028.5
100 _aWood, A.J.
520 _aPartir em busca de um tesouro é uma aventura que povoa a imaginação de todos nós. Quem gosta de dar asas à imaginação pode começar a viver esta aventura de verdade. Caça ao Tesouro é um livro, é um jogo, é uma viagem.
521 _aYear 4
697 _aLiteratura infanto-juvenil
856 _u000025/00002512.jpg
040 _aBR-BrIDEA
_cBR-BrIDEA
090 _aYear 4 028
_bWOO
245 1 0 _aCaça ao tesouro
_cA.J Wood; ilustrações de Maggie Downer; tradução de Gilda Aquino
260 _aSão Paulo
_bBrinque-Book
_c1998
700 _aDowner, Maggie
_eIlustradora
_aAquino, Gilda de
_eTradutor
942 _cBK
999 _c76016
_d76016